书目信息 |
| 题名: |
大学计算机基础实践教程
|
|
| 作者: | 蒋加伏 , 唐文胜 主编 | |
| 分册: | ||
| 出版信息: | 北京 北京邮电大学出版社 2006.04 |
|
| 页数: | 196页 | |
| 开本: | 26cm | |
| 丛书名: | ||
| 单 册: | ||
| 中图分类: | TP3-45 | |
| 科图分类: | ||
| 主题词: | 电子计算机--dian zi ji suan ji--教学实验--高等学校--教材 | |
| 电子资源: | ||
| ISBN: | 7-5635-1243-8 | |
| 000 | 00896nam0 2200241 450 | |
| 001 | 012007635624 | |
| 005 | 20070510092036.06 | |
| 010 | @a7-5635-1243-8@dCNY19.00 | |
| 100 | @a20070330d2006 km y0chiy0120 ea | |
| 101 | 0 | @achi |
| 102 | @aCN@b110000 | |
| 105 | @aa z 000yy | |
| 200 | 1 | @a大学计算机基础实践教程@Ada xue ji suan ji ji chu shi jian jiao cheng@f蒋加伏, 唐文胜主编@Fjiang jia fu,tang wen sheng zhu bian |
| 210 | @a北京@c北京邮电大学出版社@d2006.04 | |
| 215 | @a196页@c图@d26cm | |
| 300 | @a21世纪高等学校计算机科学与技术规划教材 | |
| 330 | @a全书共分三部分,第一部分为以培养学生计算机应用能力的二十个实验,采用案例方式叙述,按零起点设计。 | |
| 606 | 0 | @a电子计算机@Adian zi ji suan ji@x教学实验@x高等学校@j教材 |
| 690 | @aTP3-45@v4 | |
| 701 | 0 | @a蒋加伏@Ajiang jia fu@4主编 |
| 701 | 0 | @a唐文胜@Atang wen sheng@4主编 |
| 801 | 0 | @aCN@c20070510 |
| 905 | @a10447@dTP3-45@eJ561 | |
| 大学计算机基础实践教程/蒋加伏, 唐文胜主编.-北京:北京邮电大学出版社,2006.04 |
| 196页:图;26cm |
| 21世纪高等学校计算机科学与技术规划教材 |
| ISBN 7-5635-1243-8:CNY19.00 |
| 全书共分三部分,第一部分为以培养学生计算机应用能力的二十个实验,采用案例方式叙述,按零起点设计。 |
| ● |
| 相关链接 |
|
|
|
正题名:大学计算机基础实践教程
索取号:TP3-45/J561
 
预约/预借
| 序号 | 登录号 | 条形码 | 馆藏地/架位号 | 状态 | 备注 |
| 1 | 239200 | 202392008 | 自科库301/301自科库 45排1列3层/ [索取号:TP3-45/J561] | 在馆 | |
| 2 | 239201 | 202392017 | 自科库301/301自科库 45排1列3层/ [索取号:TP3-45/J561] | 在馆 |